000 00613nam a2200205 a 4500
001 3323
003 CO-ViMGA
008 141112s2004 ck r 000 u spa d
020 _a950200857X
040 _aCO-ViMGA
_bspa
_cCO-ViMGA
082 0 4 _a346.067 R627
100 1 _aRodríguez Chirillo, Educardo J
_952916
245 1 0 _aPrivatización de la empresa pública y post privatización :
_banálisis jurídico
260 _aBuenos Aires :
_bAbeledo - Perrot,
_c1995
300 _a562 p
650 1 4 _aDERECHO PUBLICO
650 1 4 _aEMPRESAS PUBLICAS - PRIVATIZACION
650 1 4 _aPRIVATIZACION
942 _2ddc
_cBK
999 _c15373
_d15373